Die Entstehung der christlichen Bibel / von Hans Freiherr von Campenhausen
Available copies
- 1 of 1 copy available at Common Catalog SPOK.
Holds
- 0 current holds with 1 total copy.
Show All Copies
| Location | Call Number / Copy Notes | Barcode | Shelving Location | Status | Due Date |
|---|---|---|---|---|---|
| ETS Library | 220.12 | 424470014199 | Volný výběr | Available | - |
| LDR | 00993cam a22003131 4500 | ||
|---|---|---|---|
| 001 | 39656 | ||
| 003 | CZ-PrJAB | ||
| 005 | 20160304133423.0 | ||
| 008 | 780419s1968 gw e b 000 0 ger | ||
| 010 | . | ‡a 70368532 | |
| 035 | . | ‡a(CONS)11541 | |
| 035 | . | ‡9(DLC) 70368532 | |
| 035 | . | ‡a(OCoLC)3812096 | |
| 040 | . | ‡aDLC ‡cMiGrC ‡dDLC | |
| 042 | . | ‡apremarc | |
| 050 | 0 | 0. | ‡aBS465 ‡b.C3 |
| 082 | . | ‡a220.12 | |
| 100 | 1 | . | ‡aCampenhausen, Hans Freiherr von, ‡d1903-1989. |
| 245 | 1 | 4. | ‡aDie Entstehung der christlichen Bibel / von Hans Freiherr von Campenhausen |
| 260 | . | ‡aTübingen : ‡bJ.C.B. Mohr, ‡c1968. | |
| 300 | . | ‡a393 s., ‡c24 cm. | |
| 440 | 0. | ‡aBeiträge zur historischen Theologie, ‡v39 | |
| 504 | . | ‡aBibliographical footnotes. | |
| 630 | 0 | 0. | ‡aBible ‡xCanon. |
| 852 | 4 | . | ‡bETS ‡bETS ‡cVolný výběr ‡j220.12 ‡p424470014199 ‡y$50.00 |
| 906 | . | ‡a7 ‡bcbc ‡coclcrpl ‡du ‡encip ‡f19 ‡gy-gencatlg | |
| 910 | . | ‡aABG450 | |
| 985 | . | ‡eOCLC REPLACEMENT cdsdistr | |
| 991 | . | ‡bc-GenColl ‡hBS465 ‡i.C3 ‡tCopy 1 ‡wOCLCREP | |
| 999 | . | ‡a11541 ‡c11541 ‡tbiblio | |
| 905 | . | ‡uadmin | |
| 901 | . | ‡a39656 ‡b ‡c39656 ‡tbiblio ‡sets | |